000 002450000a22000970004500
100 1 _aWhaites, Alan
245 1 0 _aWe know you're concerned... but when will you act?
300 _aNum. 3 (2001), Páginas 22
773 0 _tGlobal Future
942 _cANA
999 _c53547
_d53547